• 首页
  • 本馆介绍
  • 公告通知
  • 最新文献
  • 馆藏检索
  • 电子资源
  • 读者导购
  • 参考咨询
  • 我的图书馆
  • 登录
  • 详细信息显示
  • 放入我的书架
  • 预约/预借图书
  • 作者相关作品
  • 分类相关作品
  • 丛书相关作品
  • 出版社相关作品

书目信息

  • 表格格式
  • 工作单格式
  • 卡片格式
题名:
论《中原音韵》
    
 
作者: 周维培 著
分册:  
出版信息: 北京   中国戏剧出版社  1990.05
页数: 164页
开本: 21cm
丛书名:
单 册:
中图分类: H114.2
科图分类:
主题词: 汉语--语音 , 汉语--音韵学
电子资源:
ISBN: 7-104-00153-0
000 00565nam0 2200205 45
001 0404210920
005 20040421090958.6
010    @a7-104-00153-0@dCNY2.50
100    @a20040421d1990 km y0chiy0120 ea
101 0  @achi
105    @a z 000yy
200 1  @a论《中原音韵》@ALun《Zhong Yuan Yin Yun》@f周维培著@FZhou Wei Pei Zhu
210    @a北京@c中国戏剧出版社@d1990.05
215    @a164页@d21cm
606 0  @a汉语@x语音
606 0  @a汉语@x音韵学
690    @aH114.2@v3
701  0 @a周维培@4著
801    @aCN@bPftUser@c20040421
905    @f1@b232000@dH114.2@e65
    
    论《中原音韵》/周维培著.-北京:中国戏剧出版社,1990.05
    164页;21cm
    
    
    ISBN 7-104-00153-0:CNY2.50
    
●
相关链接 在E读中查询图书 在五车中查询图书 在当当中查询图书 在豆瓣中查询图书


正题名:论《中原音韵》     索取号:H114.2/65         预约/预借

序号 登录号 条形码 馆藏地/架位号 状态 备注
1 0232000   000832264   第四借阅区/ [索取号:H114.2/65] 在馆    
2 0232001   000832255   第二样本阅览室/ [索取号:H114.2/65] 在馆    
唐山师范学院图书馆 欢迎您!
大连网信软件有限公司© 版权所有